Inclusion compounds : (Record no. 6700)

MARC details
000 -LEADER
fixed length control field 00700nam a22002297a 4500
003 - CONTROL NUMBER IDENTIFIER
control field OSt
005 - DATE AND TIME OF LATEST TRANSACTION
control field 20200303121638.0
008 - FIXED-LENGTH DATA ELEMENTS--GENERAL INFORMATION
fixed length control field 200303b ||||| |||| 00| 0 eng d
020 ## - INTERNATIONAL STANDARD BOOK NUMBER
International Standard Book Number 0198552939
040 ## - CATALOGING SOURCE
Transcribing agency DLC
082 ## - DEWEY DECIMAL CLASSIFICATION NUMBER
Classification number 540
Item number ATW 1991
245 ## - TITLE STATEMENT
Title Inclusion compounds :
Remainder of title inorganic and physical aspects of inclusion /
Statement of responsibility, etc. J.L.Atwood, J.E.D Davies, D.D MacNicol
250 ## - EDITION STATEMENT
Edition statement vol.5
260 ## - PUBLICATION, DISTRIBUTION, ETC. (IMPRINT)
Place of publication, distribution, etc. Oxford
Name of publisher, distributor, etc. Oxford University Press
Date of publication, distribution, etc. 1991
300 ## - PHYSICAL DESCRIPTION
Extent xiv, 381p;
Other physical details ill :
Dimensions 16 cm.
504 ## - BIBLIOGRAPHY, ETC. NOTE
Bibliography, etc Includes bibliographical references and index
650 ## - SUBJECT ADDED ENTRY--TOPICAL TERM
Source of heading or term Inclusion
700 ## - ADDED ENTRY--PERSONAL NAME
Personal name Atwood, J.L
9 (RLIN) 13763
700 ## - ADDED ENTRY--PERSONAL NAME
Personal name Davies, J. E. D
9 (RLIN) 13764
700 ## - ADDED ENTRY--PERSONAL NAME
Personal name MacNicol, D. D
9 (RLIN) 13765
942 ## - ADDED ENTRY ELEMENTS (KOHA)
Source of classification or shelving scheme Dewey Decimal Classification
Koha item type Open Shelf
Holdings
Withdrawn status Lost status Source of classification or shelving scheme Damaged status Not for loan Home library Current library Date acquired Source of acquisition Inventory number Total Checkouts Full call number Barcode Date last seen Price effective from Koha item type
    Dewey Decimal Classification     MUST Main Library MUST Main Library 03/03/2020 Donation 1997/10489   540 ATW 1991 2020-0631 03/03/2020 03/03/2020 Open Shelf
    Dewey Decimal Classification     MUST Main Library MUST Main Library 03/09/2021 Donation 97/10485   540 ATW 1991 2021-0840 03/09/2021 03/09/2021 Open Shelf
    Dewey Decimal Classification     MUST Main Library MUST Main Library 24/06/2024 Donation 1997/10484   540 ATW 1991 2024-21101 24/06/2024 24/06/2024 Open Shelf
    Dewey Decimal Classification     MUST Main Library MUST Main Library 24/06/2024 Donation 1997/10487   540 ATW 1991 2024-21102 24/06/2024 24/06/2024 Open Shelf
    Dewey Decimal Classification     MUST Main Library MUST Main Library 24/06/2024 Donation 1997/10486   540 ATW 1991 2024-21104 24/06/2024 24/06/2024 Open Shelf
    Dewey Decimal Classification     MUST Main Library MUST Main Library 24/06/2024 Donation 1997/10488   540 ATW 1991 2024-21109 24/06/2024 24/06/2024 Open Shelf